00619nam a22002057a 450000500170000001000130001702000210003003500130005103700160006404000120008008200110009210000220010324501330012526000440025827000390030230000250034165000160036665000130038270000180039520170124110127.0 aB-129324 c00.00a039396092 aB-129324 bCen Lib/Ret aDPLbEN aSbDIC aDickens, Charles  aOliver twist :cby Charles Dickens; edited by Fred Kaplan bauthoritative text backgrounds and sources early reviews criticism / aNew York bW.W. Norton & Company c2004 bNew York a500 avenue eN.Y. 10110 axii, 610p.c19cm(Hb) aLiterature  aStories  aKaplan, Fred